000 00610nam a2200229Ia 4500
003 OSt
005 20221007072248.0
006 a|||||r|||| 00| 0
007 ta
008 221006b |||||||| |||| 00| 0 eng d
024 _a43,232
037 _cTextual
040 _aFLL
_cFLL
_beng
041 _2eng
_aeng
082 _aZ1,5, Q3
100 _aAlder M.C.
_9690369
245 0 _aInherent right of self- defence in internrational law
260 _aLondon
_bSpringer New York
_c2013
300 _axvii,221p
_ccm.
942 _hZ1,5, Q3
_cTEXL
_2CC
999 _c1145565
_d1145565